| 000 | 00000nam##2200000za#4500 |
| 001 | 9.700254 |
| 003 | CaOODSP |
| 005 | 20220901140054 |
| 007 | cr ||||||||||| |
| 008 | 150407|2013||||xxc|||||o f|0| 0 eng|d |
| 040 | |aCaOODSP|beng |
| 043 | |an-cn--- |
| 086 | 1 |aJ4-37/2013E-PDF |
| 110 | 1 |aCanada.|bJustice Canada. |
| 245 | 10|aBill C-26 (S.C. 2012 c. 9) - reforms to self-defence and defence of property : |h[electronic resource]|btechnical guide for practitioners |
| 260 | |aOttawa - Ontario : |bJustice Canada |cMarch 2013. |
| 300 | |a35p. |
| 590 | |a15-04|b2015-01-23 |
| 690 | 07|aLegislation|2gcpds |
| 690 | 07|aProperty|2gcpds |
| 775 | 08|tProjet de loi C-26 (2012 L.C. ch. 9) - réforme de la légitime défense et défense des biens : |w(CaOODSP)9.644151 |
| 856 | 40|ahttp://publications.gc.ca|qPDF|s173 KB|uhttps://publications.gc.ca/collections/collection_2015/jus/J4-37-2013-eng.pdf |